000 02074nam0a2200325 4500
001 RU\NLR\bibl\963378
005 20260405105705.0
010 _a5-9509-0021-9
_91000
021 _aRU
_b2006-31581
_91577
035 _a(NLR Aleph) 000951394
090 _a281955
_c281955
100 _a20060630d2006 |||y0rusy50 ca
101 0 _arus
102 _aRU
105 _aa |||||||||
200 1 _aМенеджмент: концепция социально ориентированного управления на водном транспорте
_eучебник
_eдля студентов (курсантов) вузов, обучающихся по направлению подготовки 653400 "Организация перевозок и управление на транспорте" по специальности 240100 "Организация перевозок и управление на транспорте (водном)"
_fС.Б. Лебедев, А.П. Верозубов
_gМ-во трансп. Рос. Федерации, Федер. гос. образоват. учреждение высш. проф. образования Гос. мор. акад. им. адм. С.О. Макарова
210 _aСанкт-Петербург
_cГМА
_d2006
215 _a303 с.
_cил.
_d21
300 _aНа 4-й с. обл. 1-й авт.: Лебедев С.Б., д.э.н., проф.
320 _aБиблиогр.: с. 300-303 (76 назв.)
606 1 _aВодный транспорт
_jУчебники для высших учебных заведений
_xУправление
_yРоссийская Федерация
_92219273
_3RU\NLR\auth\661332708
686 _aУ37(2)4-21я73
700 1 _4070
_8rus
_7ca
_aЛебедев
_bС. Б.
_cд-р экон. наук
_gСергей Борисович
_3RU\NLR\auth\7740973
_923924
701 1 _aВерозубов
_bА. П
_gАнтон Павлович
_4070
801 0 _aRU
_bNLR
_c20060630
_grcr
801 1 _aRU
_bNLR
_c20060630
830 _aАвт. по кн
942 _cBOOK
980 _aNB